00438nam a2200133Ia 45000010005000000080041000050200022000460820034000681000024001022450115001262600021002419010027002629990015002892814241024s9999 xx 000 0 und d a978-9945-074-78-9 aRD/330.92793/SA196c/1880-1960 aPedro L. San Miguel 0aCampesinos del Cibao. Economía de mercado y transformación agraria en la República Dominicana, 1880-1960 bEd. Búhoc2013 a4/4/2013 10:10:40 a.m. c9745d9745